Interakce monetární a fiskální politiky zemí Visegradské skupiny
Analýza interakcie monetárnej a fiškálnej politiky krajín Vyšegrádskej skupiny pomocou reakčných funkcií a overenie premenných, ovplyvňujúcich rozhodovanie daných hospodárskopolitických autorít.
Salvato in:
| Autore principale: | |
|---|---|
| Altri autori: | , |
| Natura: | Capitolo di libro |
| Lingua: | ceco |
| Soggetti: | |
| Tags: |
Nessun Tag, puoi essere il primo ad aggiungerne!!
|
MARC
| LEADER | 00000naa a2200000 4500 | ||
|---|---|---|---|
| 001 | 0192027 | ||
| 005 | 20231207125521.2 | ||
| 041 | 0 | |a cze | |
| 044 | |a CZ | ||
| 245 | 1 | 0 | |a Interakce monetární a fiskální politiky zemí Visegradské skupiny |c Jan Janků, Stanislav Kappel, Zuzana Kučerová |
| 520 | |a Analýza interakcie monetárnej a fiškálnej politiky krajín Vyšegrádskej skupiny pomocou reakčných funkcií a overenie premenných, ovplyvňujúcich rozhodovanie daných hospodárskopolitických autorít. | ||
| 610 | 2 | 0 | |a politika fiškálna |
| 610 | 2 | 0 | |a politika menová |
| 610 | 2 | 0 | |a Vyšehradská štvorka |
| 610 | 2 | 0 | |a analýza ekonometrická |
| 610 | 2 | 0 | |a modely ekonometrické |
| 100 | 1 | |a Janků, Jan | |
| 700 | 1 | |a Kappel, Stanislav | |
| 700 | 1 | |a Kučerová, Zuzana | |